South Korea 2026 FIFA World Cup Squad - Statistics

General Stats
  • This quiz has been taken 51 times
    24 since last reset
  • The average score is 14 of 27
Answer Stats
# Position Player % Correct
7 FW © Heung-min Son
95%
DF Min-jae Kim
90%
MF Jin-gyu Kim
86%
MF Kang-in Lee
86%
DF Moon-hwan Kim
86%
GK Seung-gyu Kim
86%
DF Tae-hyeon Kim
86%
MF Hee-chan Hwang
81%
MF In-beom Hwang
81%
MF Jae-sung Lee
81%
MF Dong-gyeong Lee
76%
DF Han-beom Lee
76%
DF Ki-hyuk Lee
76%
DF Tae-seok Lee
76%
DF Jin-seob Park
57%
FW Gue-sung Cho
29%
GK Hyeon-woo Jo
29%
GK Bum-keun Song
24%
DF Yu-min Cho
24%
Manager Hong Myung-bo
14%
FW Hyeon-gyu Oh
14%
MF Hyun-jun Yang
14%
DF Young-woo Seol
14%
MF Seung-ho Paik
5%
DF Jens Castrop
0%
MF Ji-sung Eom
0%
MF Jun-ho Bae
0%
No matching quizzes found
Score Distribution
Percent of People with Each Score
Percentile by Number Answered
Your Score History
You have not taken this quiz since the last reset